| 000 -ლიდერი |
| ფიქსირებული სიგრძის საკონტროლო ველი |
01495nam a22002657a 4500 |
| 003 - საკონტროლო ნომრის იდენტიფიკატორი |
| საკონტროლო ველი |
Ge_BSU |
| 005 - ბოლო ოპერაციის თარიღი და დრო |
| საკონტროლო ველი |
20240604172905.0 |
| 008 - ფიქსირებული სიგრძის მონაცემთა ელემენტები - ზოგადი ინფორმაცია |
| ფიქსირებული სიგრძის საკონტროლო ველი |
240604s2020 ge ||||| |||| 00| 0 geo d |
| 020 ## - წიგნის საერთაშორისო სტანდარტული ნომერი |
| International Standard Book Number |
9789941827143 |
| 041 ## - ენის კოდი |
| Language code of text/sound track or separate title |
geo |
| 080 ## - უნივერსალური ათობითი კლასიფიკაციის ინდექსი |
| Universal Decimal Classification number |
794.1(075) მ-54 |
| 100 ## - მთავარი ჩანაწერი - პიროვნების სახელი |
| Personal name |
მელია, სალომე |
| 9 (RLIN) |
22327 |
| 245 ## - ცნობა სათაურის შესახებ |
| Title |
ჭადრაკი ყველასთვის : სახელმძღვანელო / |
| Statement of responsibility, etc |
სალომე მელია, დავით ჯოჯუა; რედაქტორები: აკაკი იაშვილი, ვაჟა დანელია, გია ბეგიაშვილი; დიზაინერი ლევან კასრაძე. |
| 264 ## - წარმოების, გამოცემის, დისტრიბუციის და სხვა ცნობები |
| გამოცემის, წარმოების, დისტრიბუციის... ადგილი |
თბილისი, |
| გამოცემის, წარმოების, დისტრიბუციის... სახელწოდება |
"ტიფლოპოლიგრაფია" |
| გამოცემის, წარმოების, დისტრიბუციის... თარიღი |
2020. |
| 300 ## - ფიზიკური აღწერა |
| Extent |
64 გვ. ; |
| Other physical details |
29 სმ. |
| 500 ## - ზოგადი შენიშვნა |
| General note |
ბრაილის შრიფტით ნაწერი წიგნი |
| 653 ## - INDEX TERM--UNCONTROLLED |
| Uncontrolled term |
ჭადრაკი |
| 700 ## - ADDED ENTRY--PERSONAL NAME |
| Personal name |
ჯოჯუა, დავით |
| Relator term |
ავტორი |
| 9 (RLIN) |
22328 |
| 700 ## - ADDED ENTRY--PERSONAL NAME |
| Personal name |
იაშვილი, აკაკი |
| Relator term |
რედაქტორი |
| 9 (RLIN) |
22329 |
| 700 ## - ADDED ENTRY--PERSONAL NAME |
| Personal name |
დანელია, ვაჟა |
| Relator term |
რედაქტორი |
| 9 (RLIN) |
22330 |
| 700 ## - ADDED ENTRY--PERSONAL NAME |
| Personal name |
ბეგიაშვილი, გია |
| Relator term |
რედაქტორი |
| 9 (RLIN) |
22331 |
| 700 ## - ADDED ENTRY--PERSONAL NAME |
| Personal name |
კასრაძე, ლევან |
| Relator term |
დიზაინერი |
| 9 (RLIN) |
22332 |
| 773 ## - HOST ITEM ENTRY |
| Title |
ნაჩუქარი |
| 942 ## - ADDED ENTRY ELEMENTS (KOHA) |
| Source of classification or shelving scheme |
|
| Koha item type |
წიგნი |